The complete English poems

Saved in:
Bibliographic Details
Main Author: John Donne
Format: Book
Language:Undetermined
Published: London Everyman's Library 1991
Subjects:
Tags: Add Tag
No Tags, Be the first to tag this record!
Institutions: Trung tâm Học liệu Trường Đại học Cần Thơ
LEADER 00497nam a2200181Ia 4500
001 CTU_36023
008 210402s9999 xx 000 0 und d
082 |a 821.3 
082 |b D685 
100 |a John Donne 
245 4 |a The complete English poems 
245 0 |c John Donne 
260 |a London 
260 |b Everyman's Library 
260 |c 1991 
650 |a english literature - 17th century,english poetry 
904 |i Minh, 000406 
980 |a Trung tâm Học liệu Trường Đại học Cần Thơ